00505nam a2200133Ia 4500008004100000100002200041245012200063245004700185260003900232260000900271650001800280650001500298856005800313170221s9999 xx 000 0 und d aNorman C. H. Wong aBinge Drinking and TMT: Evaluating Responses to Anti-Binge Drinking PSAs from a Terror Management Theory Perspective  cNorman C. H. Wong, Stephanie Schartel Dunn bStudies in Media and Communication c2016 xCommunication xMedia Arts uhttp://redfame.com/journal/index.php/smc/issue/view/7